000 00841nam a2200253Ia 4500
003 OSt
005 20220918163333.0
006 a|||||r|||| 00| 0
007 ta
008 220917b |||||||| |||| 00| 0 eng d
020 _a0 582 25993 2 (pbk)
_c1307.68
024 _a232,377
037 _b3384, 26/10/2007, Selectbook Service Syndicate
_cTextual
040 _aARTS
_cARTS
_beng
041 _2eng
_aeng
082 _aV6-542:17.N9, N7
100 _aMacqueen Norrie
_912733
245 0 _aDecolonization of portuesuese Africa
_b metropolitan revolution and the dissolution of empire
260 _aLondon
_bMongman UK
_c1997
300 _axvii, 266p.
_ccm.
650 _aHISTORY
942 _hV6-542:17.N9, N7
_cTEXL
_2CC
999 _c119158
_d119158